| 000 | 00877cam a2200241 4500 | ||
|---|---|---|---|
| 001 | WB3703-04 | ||
| 008 | 000000n2001 000 0 eng u | ||
| 035 | _a(Sirsi) u110377 | ||
| 245 | _aIrish safety example | ||
| 260 | _c2001 | ||
| 490 |
_aContract Journal _v406(6309) 10 January 2001, 1(1) |
||
| 520 | _aDue to the steep rise in site fatalities, British contractors are under pressure to follow the example of the Irish industry and introduce a national scheme of independent assessment and certification of health and safety management systems. | ||
| 590 | _aWB | ||
| 600 | _aCONSTRUCTION INDUSTRY | ||
| 650 | _aCERTIFICATION | ||
| 650 | _aSITE SAFETY | ||
| 650 | _aASSESSMENT SCHEMES | ||
| 650 | _aHEALTH AND SAFETY MANAGEMENT SYSTEMS | ||
| 650 | _aIRELAND | ||
| 650 | _aCONSTRUCTION SITES | ||
| 690 | _aBUILT ENVIRONMENT-BUILDING STANDARDS | ||
| 942 | _n0 | ||
| 999 |
_c65802 _d65802 |
||